| 000 | 00702cam a22002411 4500 | ||
|---|---|---|---|
| 001 | sa 66005618 | ||
| 003 | DLC | ||
| 005 | 20260227112250.0 | ||
| 008 | 890403s1965 xx 000 0 urdo | ||
| 010 | _asa 66005618 | ||
| 035 | _a(OCoLC)23568326 | ||
| 040 |
_aDLC _cMiU _dDLC |
||
| 042 | _apremarc | ||
| 043 |
_aa-io--- _aa-my--- |
||
| 050 | 0 | 0 |
_aDS640.M34 _bQ8 |
| 100 | 1 |
_aQuadri, Noor Ahmad, _d1922- |
|
| 245 | 1 | 0 | _aMalayshīȧ ke khilāf Inḍonishiyā kī muḥāẓ ārāʼi. |
| 260 | _c1965. | ||
| 300 |
_a77 p. _billus., fold. col. maps, ports. _c19 cm. |
||
| 500 | _aRomanized. | ||
| 651 | 0 |
_aIndonesia _xForeign relations _zMalaysia. |
|
| 651 | 0 |
_aMalaysia _xForeign relations _zIndonesia. |
|
| 999 |
_c70050 _d70050 |
||